LIBRARY & INFORMATION CENTRE, KCAET, TAVANUR

ONLINE PUBLIC ACCESS CATALOGUE (OPAC)

Prathamika janthusasthram / (Record no. 5298)

MARC details
000 -LEADER
fixed length control field 00421cam a2200169ua 4500
041 ## - LANGUAGE CODE
Language code of text/sound track or separate title mal
082 ## - DEWEY DECIMAL CLASSIFICATION NUMBER
Classification number 591
Item number ADI/PR
100 ## - MAIN ENTRY--AUTHOR NAME
Personal name Adiyodi, K G .
245 ## - TITLE STATEMENT
Title Prathamika janthusasthram /
260 ## - PUBLICATION, DISTRIBUTION, ETC. (IMPRINT)
Place of publication Thrissur :
Name of publisher Kerala Sahitya Academy ,
Year of publication 1967.
300 ## - PHYSICAL DESCRIPTION
Number of Pages 503 ;
Accompanying material Atlas.
942 ## - ADDED ENTRY ELEMENTS (KOHA)
Koha item type Books
Holdings
Withdrawn status Lost status Damaged status Home library Current library Date acquired Full call number Accession Number Koha item type
Withdrawn     KAUAET KAUAET 07/04/2012 591 12755 Books
free website counter